00842nam a22002417a 450000500170000001000110001702000100002803500110003803700160004904000120006508200130007710000240009024500740011426000440018827000390023230000200027165000220029165000330031370000230034694200220036999900190039195201900041020170124110018.0 a536982 c12.50 a536982 aCen Lib/Ret aDPLbEN a338bVAR aVarma, O. P.979516 aText book of industrial ecnomics /cby O. P. Varma [and] B. N. Ahuja  aNew DelhibCareers Digest Publications  bNew Delhia9A. Cooperative soceity a194p.c19cm(Hb) aEconomics 979517 aIndustrial economics 979518 aAhuja, B.N.913132 2ddccENh338mVAR c126999d126999 041040718REFaLbLd2015-06-27eCen Lib/Retg12.50l0o338 VARp536982r2015-06-27 00:00:00t1v12.50w2015-06-27yENzWritten off on approval by DLB (By Circulation); dtd 15-06-2023